| 000 | 00325nam a2200133 i 4500 | ||
|---|---|---|---|
| 001 | bg | ||
| 100 | 1 | _aNARKIEWICZ, Władysław | |
| 245 | 0 |
_aClassical problems in number theory / _cW. Narkiewicz. |
|
| 260 |
_aWarszawa, _c1986. |
||
| 040 | _cBPK | ||
| 041 | _apol | ||
| 942 | _cKS | ||
| 008 | s pl f |000 0 pol | ||
| 999 |
_c23601 _d23601 |
||
| 856 |
_uhttp://koha.tu.koszalin.pl/cgi-bin/koha/opac-detail.pl?biblionumber=23601 _yKatalog online BPK |
||